| 000 | 00387nam a2200157Ia 4500 | ||
|---|---|---|---|
| 008 | 210210b1989 xxu||||| |||| 00| 0 eng d | ||
| 082 | _a346.07 KAPE | ||
| 100 | _aKAPOOR (N D). | ||
| 245 | _aElements of mercantile law. Ed.19 | ||
| 250 | _a | ||
| 260 |
_aND _bSultan Chand & Sons _c1989 |
||
| 300 | _a504.272 | ||
| 650 | _aCommercial law | ||
| 690 | _aMercantile Law | ||
| 906 | _a042836 | ||
| 999 |
_c92768 _d92768 |
||